Theme Parks with the Most Roller Coasters - Statistics

General Stats
  • This quiz has been taken 49 times
  • The average score is 8 of 11
Answer Stats
Roller coasters Location Answer % Correct
16 Ohio, USA Cedar Point
98%
17 Canada Canada's Wonderland
93%
19 Poland Energylandia
90%
20 California, USA Six Flags Magic Mountain
90%
New Jersey, USA Six Flags Great Adventure
76%
14 North Carolina, USA Carowinds
73%
Texas, USA Six Flags Over Texas
73%
Germany Europa-Park
71%
Ohio, USA Kings Island
71%
15 Illinois, USA Six Flags Great America
66%
Austria Prater
27%
No matching quizzes found
Score Distribution
Percent of People with Each Score
Percentile by Number Answered
Your Score History
You have not taken this quiz